000 00706nam a2200289Ia 4500
005 20260324111656.0
008 008 260324s9999 xx 000 0 eng d
020 _a9781003478089
037 _aEBOOK
040 _aCRL
040 _beng
040 _cCRL
041 _2eng
041 _aeng
084 _qCRL
100 _aTeresa da Silva Lopes; Robert Fredona; Paul Duguid
_91139546
245 0 _aClimate Change and Business
245 0 _bHistorical Perspectives
260 _bTaylor and Francis
260 _c2025
365 _a
365 _b230
856 _uhttp://www.taylorfrancis.com/books/9781003478089
942 _cEBOOK
999 _c1728447
_d1728447